| 000 | 00418nam a2200157Ia 4500 | ||
|---|---|---|---|
| 005 | 20250304094140.0 | ||
| 008 | 231217s9999 xx 000 0 und d | ||
| 020 | _a9788131404324 | ||
| 082 | _a364.133 ALA;1 R | ||
| 100 | _aAlagiri, Dhandapani ed. | ||
| 245 | 0 | _aMoney laundering : issues and perspectives | |
| 260 |
_c2006 _bIcfai _aHyderabad |
||
| 300 | _axvi, 211 | ||
| 650 | _aMoney,laundering | ||
| 942 | _cAA | ||
| 999 |
_c190611 _d190611 |
||